| 000 | 02706nam0a2200433 4500 | ||
|---|---|---|---|
| 001 | RU\NLR\BIBL_A\012664937 | ||
| 005 | 20250603120239.0 | ||
| 010 |
_a978-5-4469-1815-7 _9300 |
||
| 021 |
_aRU _bКН-П-21-056155 _9КН-П-21-4398 |
||
| 035 | _a(NLR Aleph) 012664937 | ||
| 090 |
_a12767231 _c12767231 |
||
| 100 | _a20211214d2020 k y0rusy50 ca | ||
| 101 | 1 |
_arus _ctib |
|
| 102 | _aRU | ||
| 105 | _aa z 001zy | ||
| 181 | 0 |
_ai3 _baxxe |
|
| 182 | 0 | _an | |
| 200 | 1 |
_aБуддийская традиция Тантр в Тибете _f[Российская академия наук, Институт восточных рукописей] _gперевод с тибетского, предисловие, введение, глоссарий Р. Н. Крапивиной |
|
| 203 |
_aТекст _bвизуальный _cнепосредственный |
||
| 210 |
_aСанкт-Петербург _cНестор-История _d2020 |
||
| 215 |
_a382, [1] с. _cил., табл. _d20 |
||
| 300 | _aНа обороте тит. с. в аннот.: кн. включает общее введение к предмету и курс лекций, который был изложен геше-лхарамбой, доктором буддийской философии Чжамьяном Кенцзэ. Основой для курса послужило сочинение монгол. авт. Нгаван Пэлдэн Чойчжэ "Прояснение текстов [традиции] Тантр: представление устройства этапов и уровней четырёх классов тайной тантры" | ||
| 320 | _aИзбр. библиогр.: с. 316-324 и в подстроч. примеч. | ||
| 320 | _aУказ. имен и терминов: с. 367-380 | ||
| 606 | 1 |
_aТантризм _jЛекции, доклады и т.п _yТибет _91724719 _3RU\NLR\AUTH\661066987 |
|
| 606 | 1 |
_aТантры _jЛекции, доклады и т.п _91116678 _3RU\NLR\AUTH\66122166 |
|
| 686 | 1 | _aЮ3(5Кит-6Т) | |
| 686 | 2 | _aЭ358,0 | |
| 686 | 2 | _aЭ355-2 | |
| 702 | 0 |
_4570 _7ca _8rus _aЧжамьян Кенцзэ _f1927-2006 _914624 _3RU\NLR\AUTH\7731614 |
|
| 702 | 0 |
_4570 _7ca _8rus _aНгаван Пэлдэн Чойчжэ _f1797-1864 _9239987 _3RU\NLR\AUTH\770240043 |
|
| 702 | 1 |
_4730 _7ca _8rus _aКрапивина _bР. Н. _cканд. ист. наук _gРаиса Николаевна _914620 _3RU\NLR\AUTH\7731610 |
|
| 942 | _cBOOK | ||
| 980 | _aNBR | ||
| 980 | _aNB | ||